000 01113cam a22003013a 4500
001 28078
003 PGUSA
005 20140828083615.0
008 090214s2009||||xxu|||||s|||||000 1 eng d
040 _aPGUSA
_beng
042 _adc
050 4 _aPQ
100 1 _aConstant, Benjamin,
_d1767-1830
245 1 0 _aAdolphe :
_bAnecdote trouvée dans les papiers d'un inconnu : Suivi de quelques réflexions sur le théâtre allemand et sur la tragédie de Wallstein, et de l'esprit de conquête et de l'usurpation
_h[electronic resource] /
_cBenjamin Constant
260 _bProject Gutenberg,
_c2009
506 _aPublic domain in the USA.
516 _aElectronic text
653 _aTheater -- Germany
653 _aCommitment (Psychology) -- Fiction
653 _aSchiller, Friedrich, 1759-1805. Wallenstein
653 _aMilitarism
653 _aDespotism
653 _aFrance -- Politics and government -- 1789-1815
653 _aFrance -- Social life and customs -- 19th century -- Fiction
830 0 _aProject Gutenberg
_v28078
856 4 0 _uhttp://www.gutenberg.org/ebooks/28078
942 _cEB
999 _c257333
_d257333